Boys Names that start with a B - Statistics

General Stats
  • This quiz has been taken 552 times
    551 since last reset
  • The average score is 10 of 25
Answer Stats
Answer % Correct
Beau
91%
Benjamin
83%
Brian
76%
Bradley
72%
Brandon
71%
Bartholomew
51%
Blake
48%
Bruce
48%
Brendan
43%
Bryce
42%
Bailey
39%
Brent
39%
Byron
36%
Brayden
34%
Brett
34%
Broderick
34%
Brady
29%
Brock
25%
Baxter
24%
Blair
24%
Bennett
23%
Blaine
23%
Braxton
22%
Boyd
13%
Brennan
11%
No matching quizzes found
Score Distribution
Percent of People with Each Score
Percentile by Number Answered
Your Score History
You have not taken this quiz since the last reset